Musings of a 98 years old scientist (Record no. 75787)
[ view plain ]
| 000 -LEADER | |
|---|---|
| fixed length control field | 00416nam a2200133 4500 |
| 020 ## - INTERNATIONAL STANDARD BOOK NUMBER | |
| ISBN | 9781460292921 |
| 100 ## - MAIN ENTRY--AUTHOR NAME | |
| Personal name | BURGENER, John E |
| 245 ## - TITLE STATEMENT | |
| Title | Musings of a 98 years old scientist |
| 260 ## - PUBLICATION, DISTRIBUTION, ETC. (IMPRINT) | |
| Place of publication | Canada |
| Name of publisher | Friesen press |
| Year of publication | 2020 |
| 300 ## - PHYSICAL DESCRIPTION | |
| Number of Pages | 194 |
| 650 ## - SUBJECT ADDED ENTRY--TOPICAL TERM | |
| Topical Term | Biography |
| -- | Autobiography |
| -- | science and technology |
| -- | Bullying |
| -- | Working mothers |
| -- | Child labour |
| -- | Smoking |
| -- | Drugs and alcohol |
| 942 ## - ADDED ENTRY ELEMENTS (KOHA) | |
| Koha item type | Books |
| Withdrawn status | Lost status | Damaged status | Not for loan | Home library | Current library | Date acquired | Source of acquisition | Full call number | Accession Number | Koha item type |
|---|---|---|---|---|---|---|---|---|---|---|
| RRII Library | RRII Library | 04/11/2025 | M/s TV enterprises, Mumbai invoice no: 423/25-26 dtd 15/10/25 for Rs. 12931.65/- | 011 BUR | 23643 | Books |